000 00943cam a2200157 4500500
005 20260329013006.0
041 _afre
042 _adc
100 1 0 _aKoller, Sylvie
_eauthor
245 0 0 _aAlain Caillé (dir.), La Quête de reconnaissance , Nouveau phénomène social total. La Découverte, 2007, 302 pages, 25 ?
260 _c2008.
500 _a80
520 _aRésuméEt si le cinéma de Bergman tenait tout entier dans cette formidable demi-heure, ce temps sacré où tout s’arrête ? Lorsque l’on dit que l’auteur du Septième Sceau et de Cris et Chuchotements est obsédé par la mort, n’est-ce pas plutôt qu’il veut saisir, au contact de la mort, l’évidence palpable de la vie et le pouvoir de l’Esprit sur l’au-delà du visible ?
786 0 _nÉtudes | 408 | 3 | 2008-03-01 | p. XXIII-XXIII | 0014-1941
856 4 1 _uhttps://shs.cairn.info/revue-etudes-2008-3-page-XXIII?lang=fr&redirect-ssocas=7080
999 _c1876228
_d1876228